| 000 | 00684nam a2200229 a 4500 | ||
|---|---|---|---|
| 005 | 20210223124016.0 | ||
| 008 | 991125n 000 0 u | ||
| 035 | _aUPN01000095253 | ||
| 100 | 1 |
_aPosner, Barry Z. _929872 |
|
| 222 | _aEDUCATIONAL AND PSYCHOLOGICAL MEASUREMENT | ||
| 245 | _aPsychometric properties of the leadership practices inventory-updated | ||
| 300 | _a191-199 | ||
| 362 | 0 | _a53, No. 1, 1993 | |
| 505 | 0 | _aSeptiembre 1993 | |
| 653 | 0 | _aADMINISTRADORES | |
| 653 | 0 | _aDIFERENCIAS CULTURALES | |
| 653 | 0 | _aDIFERENCIAS SEXUALES | |
| 653 | 0 | _aMODELOS DE CONDUCTA | |
| 700 | 1 |
_aKouzes, James M., _d1945- _928843 |
|
| 904 |
_aAC _b033064 |
||
| 905 | _aArticulo | ||
| 999 |
_c75420 _d75420 |
||